000 00673nam a2200169 i 4500
001 152199
003 ES-MaACL
005 20230910063055.0
008 931025s1882 sp |||| | spa d
100 1 _aBlanco Asenjo, Ricardo,
_d1847-1897
_9126008
245 1 0 _aCuentos y novelas /
_cRicardo Blanco Asenjo.
260 _aMadrid :
_b[s.n.],
_c1882 (
_fGabriel Pedraza)
300 _a276 p., [2] h. ;
_c18 cm.
505 8 _aContiene: Narraciones alegres ; Historias alegres ; Historias tristres ; La noche buena del poeta ; Cuatro estaciones ; Memorias de un cómico ; Delirios
852 _aES-MaACL
_jG-7845
_z-- Enc. pasta española
999 _c152199
_d152199